| 000 | 00687nam a2200181 a 4500 | ||
|---|---|---|---|
| 005 | 20140412111301.0 | ||
| 008 | 001116s19uu xx 00 eng d | ||
| 020 | _a1-684-19535-6 | ||
| 050 |
_aER _bLe46 1993 |
||
| 100 | _aShepard, Aaron | ||
| 245 |
_aThe legend of Slappy Hooper : _ban American tall tale / _cretold by Aaron Shepard ; pictures by Toni Goffe. |
||
| 260 |
_aNew York : _bCharles Scribner's Sons, _c1993. |
||
| 300 | _a1 v. (unp.) ; ill.; col. | ||
| 520 | _aSlappy Hooper, the world's biggest, fastest, bestfest sign painter getsin all kinds of trouble with his amazing realistic signs | ||
| 650 | _aFolkore -- United States | ||
| 650 | _aTall Tales | ||
| 999 |
_c103415 _d103415 |
||